Provinces of Canada - Statistics

General Stats
  • This quiz has been taken 13 times
  • The average score is 9 of 13
Answer Stats
Hint Answer % Correct
5. Quebec
100%
9. Alberta
88%
10. British Columbia
75%
1. Newfoundland and Labrador
75%
6. Ontario
75%
8. Saskatchewan
75%
13. Yukon
75%
7. Manitoba
63%
12. Northwest Territories
63%
4. New Brunswick
50%
3. Nova Scotia
50%
11. Nunavut
50%
2. Prince Edward Island
50%
No matching quizzes found
Score Distribution
Percent of People with Each Score
Percentile by Number Answered
Your Score History
You have not taken this quiz